| 000 | 01422nam a2200205Ia 4500 | ||
|---|---|---|---|
| 003 | Ost | ||
| 005 | 20260507075120.0 | ||
| 008 | 260507s9999||||xx |||||||||||||| ||und|| | ||
| 040 | _cfsecg | ||
| 041 | _aara | ||
| 082 | _a330 | ||
| 100 |
_aعبد المحسن، توفيق محمد _eمؤلف |
||
| 245 | 0 |
_aالتسويق وتحديات التجارة الإلكترونية / _c توفيق محمد عبد المحسن |
|
| 260 |
_aالإسكندرية: _bدار الفكر العربي, _c2004 |
||
| 300 |
_a527 صفحة؛ _bإيضاحات ؛ _c24 سم |
||
| 520 | _aطبيعة وأهمية التسويق- متغيرات المنافسة الدولية ودور التسويق في مواجهتها- التغيرات المتوقعة في تجارة التجزئة في مصر وأساليب مواجهتها- الهيكل التنظيمي لإدارة التسويق- بحوث التسويق- تقسيم السوق الى قطاعات- تخطيط المنتجات- التسعير- سياسة الترويج- التوزيع- مراقبة الجهود التسويقية- التسويق الدولي- التجربة اليابانية في التسويق- استراتيجية التسويق لتجارة الخارجية-تحديات التجارة الإلكترونية في مصر وسبل مواجهتها. | ||
| 653 | _aالتجارة الإلكترونية | ||
| 653 | _aالتسويق | ||
| 942 | _cكتاب | ||
| 999 |
_c43064 _d43064 |
||